| 000 | 01226nam a22003497a 4500 | ||
|---|---|---|---|
| 003 | CHAP | ||
| 005 | 20220329140024.0 | ||
| 008 | 971013s1984 r 00010 d | ||
| 010 | _a45734 | ||
| 011 | _a46706 | ||
| 035 | _a50847 | ||
| 040 | _cCHAP | ||
| 082 |
_a338.176 _bU3 |
||
| 110 |
_aUACH. Subdirección de Investigación. Coordinación de Servicios _9115967 |
||
| 245 |
_aDiagnóstico externo _b: Panorama de actividades pecuarias 1960-1980 |
||
| 260 |
_aChapingo, Méx. : _bLa Universidad, _c1984 |
||
| 300 |
_a193 p. _b: ilus. |
||
| 590 |
_aBATCH-UPD _b10 _c20130110 _lUCH01 _h0048 |
||
| 590 |
_aBATCH-UPD _b10 _c20130110 _lUCH01 _h1225 |
||
| 590 |
_aBATCH-UPD _b10 _c20130409 _lUCH01 _h2035 |
||
| 590 |
_aBATCH-UPD _b10 _c20130410 _lUCH01 _h0758 |
||
| 590 |
_aBATCH-UPD _b10 _c20130914 _lUCH01 _h1459 |
||
| 590 |
_aCONVERSION _b10 _c20130109 _lUCH01 _h1325 |
||
| 650 | 1 | 4 |
_aGanadería _xAspectos económicos _xMéxico. _944636 |
| 650 | 1 | 4 |
_aGanadería _xEstadísticas. _944694 |
| 650 | 1 | 4 |
_aGanado _xProducción. _944945 |
| 650 | 1 | 4 |
_aPolítica ganadera. _990617 |
| 650 | 1 | 4 |
_aVeterinaria _xEstudio y enseñanza. _9118996 |
| 901 | _aBK | ||
| 942 | _cLIBRO | ||
| 949 |
_a338.176 U3 _bBC _cUACH _d-114150 _eUACH _h71333 _i50847 _mD _si |
||
| 999 |
_c45734 _d45734 |
||